| 000 | 00573nam a22001817a 4500 | ||
|---|---|---|---|
| 003 | OSt | ||
| 005 | 20251103022338.0 | ||
| 008 | 251103b |||||||| |||| 00| 0 eng d | ||
| 020 | _a978-971-27-3503-5 | ||
| 040 |
_aDWCL - Main Lib _cOC |
||
| 082 | _aFil. 899.21032 N792 2020 | ||
| 100 | _aGuerrero, Leon Ma. | ||
| 245 |
_aNoli Me Tangere / _cLeon Ma. Guerrero |
||
| 260 |
_aMandaluyong City, Philippines : _bAnvil Publishing, Inc., _cc2020. |
||
| 300 |
_a333 pages , _c19 cm. |
||
| 650 | _a1. Noli Me Tangere - Translation into English | ||
| 942 |
_2ddc _cBK - FIL _mFil. _n0 |
||
| 999 |
_c5378 _d5378 |
||